<?xml version="1.0" encoding="UTF-8"?>
<record
    xmlns:xsi="http://www.w3.org/2001/XMLSchema-instance"
    xsi:schemaLocation="http://www.loc.gov/MARC21/slim http://www.loc.gov/standards/marcxml/schema/MARC21slim.xsd"
    xmlns="http://www.loc.gov/MARC21/slim">

  <leader>01286ngm a2200313 u 4500</leader>
  <controlfield tag="001">619728</controlfield>
  <controlfield tag="005">20241011090603.0</controlfield>
  <controlfield tag="007">vf|||</controlfield>
  <controlfield tag="008">000906s1995                        spa  </controlfield>
  <datafield tag="035" ind1=" " ind2=" ">
    <subfield code="a">619728</subfield>
  </datafield>
  <datafield tag="040" ind1=" " ind2=" ">
    <subfield code="c">comduadb</subfield>
  </datafield>
  <datafield tag="041" ind1=" " ind2=" ">
    <subfield code="a">spa</subfield>
  </datafield>
  <datafield tag="080" ind1=" " ind2=" ">
    <subfield code="a">V</subfield>
  </datafield>
  <datafield tag="100" ind1="1" ind2="0">
    <subfield code="a">Mora Melendez, Fernando</subfield>
    <subfield code="4">drt</subfield>
    <subfield code="e">drt</subfield>
    <subfield code="9">304976</subfield>
  </datafield>
  <datafield tag="245" ind1="1" ind2="0">
    <subfield code="a">Fasa&#xF1;as imposibles</subfield>
  </datafield>
  <datafield tag="260" ind1=" " ind2=" ">
    <subfield code="a">Medell&#xED;n :</subfield>
    <subfield code="b">Editorial Universidad de Antioquia,</subfield>
    <subfield code="c">1995 ;</subfield>
    <subfield code="a">Medell&#xED;n :</subfield>
    <subfield code="b">Beneficencia de Antioquia,</subfield>
    <subfield code="c">1995.</subfield>
  </datafield>
  <datafield tag="300" ind1=" " ind2=" ">
    <subfield code="a">1 Videocasete (VHS) (27min.) : son., col.</subfield>
  </datafield>
  <datafield tag="500" ind1=" " ind2=" ">
    <subfield code="a">Se inicia en el minuto 0.63 del video.</subfield>
  </datafield>
  <datafield tag="500" ind1=" " ind2=" ">
    <subfield code="a">Fasa&#xF1;as imposibles es una produccion en conmemoracion de los cien a&#xF1;os del nacimiento de Leon de Greiff.</subfield>
  </datafield>
  <datafield tag="520" ind1="3" ind2=" ">
    <subfield code="a">Resumen: Un bello recuento dramatizado de la vida del gran poeta antioqueno Leon de Greiff, con fragmentos de su poesia entreverados.</subfield>
  </datafield>
  <datafield tag="600" ind1="1" ind2="4">
    <subfield code="a">Greiff, Le&#xF3;n de,</subfield>
    <subfield code="d">1895-1976</subfield>
    <subfield code="9">276076</subfield>
  </datafield>
  <datafield tag="650" ind1=" " ind2="7">
    <subfield code="a">Biograf&#xED;as</subfield>
    <subfield code="2">lemb</subfield>
    <subfield code="9">1340</subfield>
  </datafield>
  <datafield tag="650" ind1=" " ind2="7">
    <subfield code="a">Poetas antioque&#xF1;os</subfield>
    <subfield code="2">lemb</subfield>
    <subfield code="9">475</subfield>
  </datafield>
  <datafield tag="650" ind1=" " ind2="7">
    <subfield code="a">Autores antioque&#xF1;os</subfield>
    <subfield code="2">lemb</subfield>
    <subfield code="9">202942</subfield>
  </datafield>
  <datafield tag="700" ind1="1" ind2="0">
    <subfield code="a">Correa, Elena</subfield>
    <subfield code="4">drt</subfield>
    <subfield code="e">drt</subfield>
    <subfield code="9">313597</subfield>
  </datafield>
  <datafield tag="700" ind1="1" ind2="0">
    <subfield code="a">Correa Herrera, Ernesto</subfield>
    <subfield code="4">pro</subfield>
    <subfield code="e">pro</subfield>
    <subfield code="9">585535</subfield>
  </datafield>
  <datafield tag="773" ind1="0" ind2=" ">
    <subfield code="t">Alvaro Mutis : visita a la Universidad de Antioquia, abril 28 de 1993</subfield>
    <subfield code="w">583510</subfield>
    <subfield code="0">146909</subfield>
  </datafield>
  <datafield tag="942" ind1=" " ind2=" ">
    <subfield code="c">BOOK</subfield>
    <subfield code="n">0</subfield>
  </datafield>
  <datafield tag="999" ind1=" " ind2=" ">
    <subfield code="c">157565</subfield>
    <subfield code="d">157565</subfield>
  </datafield>
</record>
